000 00506nam a2200205Ia 4500
001 69142
008 151103s9999||||xx |||||||||||||| ||und||
020 _a9780415584388
040 _cPK-LaUMT
082 _a 621.042
_bTWI-R
100 _aTwidell, John
245 _aRenewable energy resources
_cTwidell, John|Weir, Tony
250 _a3rd
260 _aLondon,UK:
_bRoutledge,
_c2015
300 _a784 p.
546 _aEN
650 _aRenewable energy sources
700 _aWeir, Tony
942 _cBK
999 _c78158
_d78158